Newcastle United players (2010-2020) - Statistics

General Stats
  • This quiz has been taken 15 times
  • The average score is 60 of 110
Answer Stats
Rank Player Positions Nationality Matches Goals (assists) Period % Correct
6 Cheik Tioté DM 139 1 (9) 2010-2017
100%
4 Tim Krul GK 157 0 (2) 2010-2016
100%
30 Aleksandar Mitrović ST 65 14 (10) 2015-2018
93%
1 Ayoze Pérez ST 179 42 (15) 2014-2019
93%
37 Demba Ba ST 54 29 (6) 2011-2013
93%
41 Fabian Schär CB 46 6 (1) 2018-2020
93%
2 Fabricio Coloccini CB 177 4 (1) 2010-2016
93%
5 Jamaal Lascelles CB 150 9 (3) 2015-2020
93%
21 Martin Dúbravka GK 88 0 (0) 2017-2020
93%
17 DeAndre Yedlin RB 106 3 (10) 2016-2020
87%
49 Joelinton CM 38 2 (2) 2019-2020
87%
9 Matt Ritchie RM 131 19 (23) 2016-2020
87%
43 Miguel Almirón RW 46 4 (2) 2018-2020
87%
14 Papiss Demba Cissé ST 117 37 (8) 2011-2016
87%
57 Salomón Rondón ST 32 11 (7) 2018-2019
87%
27 Yohan Cabaye CM 79 17 (11) 2011-2014
87%
47 Andy Carroll ST 38 11 (12) 2010-2011, 2019-2020
80%
44 Mathieu Debuchy RB 43 1 (4) 2012-2014
80%
90 Matty Longstaff CM 9 2 (0) 2019-2020
80%
91 Matz Sels GK 9 0 (0) 2016-2017
80%
13 Moussa Sissoko CM 118 11 (18) 2012-2016
80%
58 Sean Longstaff CM 32 2 (1) 2018-2020
80%
74 Sung-yueng Ki DM 21 0 (1) 2018-2020
80%
26 Ciaran Clark CB 79 10 (3) 2016-2020
73%
29 Daryl Janmaat RB 71 3 (10) 2014-2017
73%
79 Daryl Murphy ST 15 5 (1) 2016-2017
73%
25 Davide Santon LB 82 1 (4) 2011-2014
73%
39 Federico Fernández CB 51 2 (4) 2018-2020
73%
28 Hatem Ben Arfa AM 76 13 (13) 2010-2014
73%
15 Isaac Hayden DM 113 5 (9) 2016-2020
73%
54 Jacob Murphy RW 34 1 (2) 2017-2019
73%
12 Jonás Gutiérrez LM 120 7 (11) 2010-2015
73%
10 Jonjo Shelvey CM 129 13 (18) 2015-2020
73%
50 Kenedy LW 38 3 (3) 2017-2019
73%
19 Mohamed Diamé CM 97 5 (3) 2016-2019
73%
3 Paul Dummett LB 173 2 (0) 2013-2020
73%
63 Allan Saint-Maximin LW 26 3 (5) 2019-2020
67%
36 Chancel Mbemba CB 54 1 (0) 2015-2018
67%
16 Christian Atsu LW 107 8 (8) 2016-2020
67%
82 Florian Thauvin CF 13 0 (0) 2015-2016
67%
48 Georginio Wijnaldum CM 38 11 (5) 2015-2016
67%
32 Javier Manquillo RB 60 0 (5) 2017-2020
67%
87 Nabil Bentaleb DM 12 0 (0) 2019-2020
67%
40 Ryan Taylor RB 51 2 (7) 2010-2013, 2014-2015
67%
24 Steven Taylor CB 83 5 (2) 2010-2016
67%
8 Vurnon Anita DM 133 2 (6) 2012-2017
67%
67 Yoshinori Muto ST 25 1 (0) 2018-2020
67%
22 Dwight Gayle ST 87 33 (7) 2016-2018, 2019-2020
60%
77 Emil Krafth RB 17 0 (1) 2019-2020
60%
42 Joselu ST 46 6 (1) 2017-2019
60%
38 Karl Darlow GK 53 0 (0) 2015-2018
60%
7 Mike Williamson CB 134 1 (5) 2010-2015
60%
59 Rémy Cabella AM 31 1 (2) 2014-2015
60%
35 Rob Elliot GK 55 0 (1) 2012-2018
60%
72 Rolando Aarons LW 22 2 (2) 2014-2018
60%
34 Sammy Ameobi LW 57 2 (3) 2010-2015, 2016-2017
60%
18 Shola Ameobi ST 105 11 (15) 2010-2014
60%
11 Yoan Gouffran LW 128 16 (11) 2012-2017
60%
99 Islam Slimani ST 4 0 (1) 2017-2018
53%
20 Jack Colback DM 93 5 (9) 2014-2017
53%
55 Joey Barton CM 34 4 (9) 2010-2012
53%
65 Loïc Rémy ST 26 14 (3) 2013-2014
53%
69 Mikel Merino CM 24 1 (1) 2017-2018
53%
89 Grant Hanley CB 10 1 (0) 2016-2017
47%
53 José Enrique LB 36 0 (3) 2010-2011
47%
103 Seydou Doumbia ST 3 0 (0) 2015-2016
47%
85 Valentino Lazaro RM 13 1 (0) 2019-2020
47%
76 Adam Armstrong ST 17 0 (1) 2013-2015, 2016-2017
40%
64 Emmanuel Rivière ST 26 1 (1) 2014-2016
40%
45 Florian Lejeune CB 42 2 (2) 2017-2020
40%
33 Gabriel Obertan RW 58 2 (7) 2011-2016
40%
75 Jetro Willems CB 19 2 (2) 2019-2020
40%
102 Kevin Mbabu RB 3 0 (0) 2015-2016
40%
61 Kevin Nolan AM 30 12 (2) 2010-2011
40%
62 Leon Best ST 29 10 (3) 2010-2012
40%
86 Luuk de Jong ST 12 0 (1) 2013-2014
40%
46 Massadio Haïdara LB 39 0 (2) 2012-2018
40%
56 Peter Løvenkrands ST 34 6 (5) 2010-2012
40%
73 Siem de Jong AM 22 1 (1) 2014-2016
40%
107 Stephen Ireland AM 2 0 (0) 2010-2011
40%
70 Steve Harper GK 24 0 (0) 2010-2011, 2012-2013
40%
98 Achraf Lazaar LM 4 0 (0) 2016-2017
33%
31 James Perch CB 65 1 (0) 2010-2013
33%
52 Mapou Yanga-Mbiwa CB 37 0 (0) 2012-2014
33%
80 Alan Smith CM 13 0 (0) 2010-2012
27%
81 Andros Townsend RW 13 4 (2) 2015-2016
27%
68 Dan Gosling CM 24 1 (0) 2010-2014
27%
23 Danny Simpson RB 84 0 (2) 2010-2013
27%
83 Gaël Bigirimana DM 13 1 (0) 2012-2013
27%
96 Haris Vuckic CF 5 0 (0) 2011-2012, 2014-2015
27%
92 Jesús Gámez RB 7 0 (0) 2016-2018
27%
66 Nile Ranger ST 26 0 (1) 2010-2011, 2012-2013
27%
51 Sylvain Marveaux AM 38 1 (5) 2011-2014
27%
100 Adam Campbell LW 3 0 (0) 2012-2013
20%
60 Danny Guthrie CM 30 1 (1) 2010-2012
20%
97 Henri Saivet AM 5 1 (0) 2015-2016, 2017-2018
20%
94 Jak Alnwick GK 6 0 (0) 2014-2015
20%
101 Jamie Sterry RB 3 0 (0) 2015-2017
20%
106 Kazenga LuaLua LW 2 0 (0) 2010-2011
20%
95 Shefki Kuqi ST 6 0 (0) 2010-2011
20%
93 Sol Campbell CB 7 0 (0) 2010-2011
20%
108 Xisco ST 2 0 (1) 2010-2011
20%
109 Antonio Barreca LB 1 0 (0) 2018-2019
13%
88 Danny Rose LB 11 0 (0) 2019-2020
13%
104 Ivan Toney ST 2 0 (0) 2015-2016
13%
84 Mehdi Abeid CM 13 0 (0) 2014-2015
13%
71 Shane Ferguson LM 23 0 (1) 2010-2013
13%
78 Wayne Routledge LW 17 0 (1) 2010-2011
13%
105 James Tavernier RB 2 0 (0) 2012-2013
7%
110 Kell Watts CB 1 0 (0) 2019-2020
0%
No matching quizzes found
Score Distribution
Percent of People with Each Score
Percentile by Number Answered
Your Score History
You have not taken this quiz